Estadísticas para Países con el Mayor Número de Fronteras

Haz click aquí para tomar la prueba!

Estadísticas generales

  • Esta prueba ha sido tomada 6.014 veces
  • La puntuación promedio es 13 de 20

Estadísticas de respuestas

# de FronterasPaís% Correcto
14Rusia
98%
14China
97%
9Alemania
84%
7India
84%
9 (10)Brasil
83%
9R. D. Congo
82%
8 (11)Francia
80%
7Irán
67%
8Austria
66%
7Polonia
64%
7Arabia Saudita
63%
7Níger
62%
8Serbia
62%
7Ucrania
61%
7Hungría
59%
7Sudán
59%
8Turquía
59%
7Malí
53%
8Zambia
33%
8Tanzania
31%

Distribución de puntuación

Porcentaje por número respondido

Porcentaje de gente con cada puntuación

Historial de tus puntuaciones

No has tomado esta prueba